| 000 | 00708nam a22002172 4500 | ||
|---|---|---|---|
| 001 | 0000020359 | ||
| 005 | 20151217152212.0 | ||
| 008 | 110913s xx 000 0 eng d | ||
| 020 | _a1412977753 : | ||
| 040 |
_aKABU _cKABU |
||
| 100 | 1 |
_aPolonsky, Michael Jay. _@0000150673 |
|
| 245 | 1 | 0 |
_aDesigning and managing a research project : _ba business student's guide / _cMichael Jay Polonsky, David S. Waller. |
| 250 | _a2nd ed. | ||
| 260 |
_aLondon : _bSAGE, _c2011. |
||
| 300 | _axiii, 279 p. | ||
| 650 | 0 |
_aBusiness. _xResearch _xMethodology. _@0000150653 |
|
| 700 | 1 |
_aWaller, David S. _@0000180564 |
|
| 852 | 1 | _9p4632 KES | |
| 908 | _a110913 | ||
| 950 | _@1 | ||
| 999 |
_c9282 _d9282 |
||